000 00460nam a22001457a 4500
005 20160504112808.0
008 131219b xxu||||| |||| 00| 0 eng d
050 _aB3279.H98
_bO6713 1999
100 _aHeidegger, Martin.
_96008
245 _aOntology
_bThe hermeneutics of Facticity
_cby Heidegger, Martin.
260 _aBloomington
_bIndiana University Press
_c1999.
300 _axii, 138p. ;
_c23cm.
650 _aOntology
_924363
942 _2lcc
_cMONOGRAPH
_01
999 _c119367
_d119367